|
|
|
|
| LEADER |
00810cam a22002293u 4500 |
| 001 |
10102267 |
| 003 |
upatras |
| 005 |
20210117203843.0 |
| 008 |
991022s eng |
| 040 |
|
|
|a Βιβλιοθήκη ΕΑΙΤΥ
|c Βιβλιοθήκη ΕΑΙΤΥ
|
| 041 |
0 |
|
|a eng
|
| 245 |
1 |
0 |
|a Talk-Back TV:two-way cable television
|
| 260 |
|
|
|a Blue Ridge Summit
|b TAB Books Inc.
|c c1976
|
| 300 |
|
|
|a 238p.
|b fig.
|
| 490 |
0 |
|
|a TAB Books
|v 773
|
| 500 |
|
|
|a βιβωλιογραφια : σσ.227-234 περιεχει και επιμ. βιβλιογραφια
|
| 700 |
1 |
|
|a Veith, Richard
|4 aut
|9 116912
|
| 760 |
0 |
|
|a TAB Books
|g 773
|
| 852 |
|
|
|a GR-PaULI
|b ΠΑΤΡΑ
|b ΤΜΗΥΠ
|t 1
|
| 942 |
|
|
|2 ddc
|
| 952 |
|
|
|0 0
|1 0
|4 0
|7 0
|9 127850
|a CEID
|b CEID
|d 2016-04-24
|l 0
|r 2016-04-24 00:00:00
|t 1
|w 2016-04-24
|
| 999 |
|
|
|c 83780
|d 83780
|